00557nam a2200169Ia 450000500170000000800410001702000150005808200130007310000130008624500460009926000460014530000190019150000590021094200060026995200970027599900150037220250117003731.0240331s9999 xx 000 0 und d a9810012594 bSINa920 aSingh, M 0aDaedal decades :bautobiographical essays aSingaporebMaja corporation Pvt Ltdc1989 aViii, 472 p ., aDaedal Decades is anthology of autobiographical essays cL 001040708LaWERCLbWERCLcSSCd2024-03-31l0o 920.4 SINp3005r2024-03-31w2024-03-31yL c3471d3471